| 000 | 01299cam a22003495a 4500 | ||
|---|---|---|---|
| 001 | 15925370 | ||
| 003 | OSt | ||
| 005 | 20140310182746.0 | ||
| 008 | 090929s2009 ph a b f001 0 eng | ||
| 010 | _a 2009316914 | ||
| 020 | _a9789715426091 | ||
| 040 |
_aDLC _cDLC _dDLC |
||
| 042 | _alcode | ||
| 043 | _aa-ph--- | ||
| 050 |
_aPN 1995 _b.H89 2009 |
||
| 245 | 0 | 0 |
_aHuwaran/hulmahan atbp. : _bthe film writings of Johven Velasco / _cJoel David, editor. |
| 246 | 3 | 0 | _aFilm writings of Johven Velasco |
| 260 |
_aDiliman, Quezon City : _bUniversity of the Philippines Press, _c2009. |
||
| 300 |
_axviii, 249 p. : _bill. ; _c24 cm. |
||
| 504 | _aIncludes bibliographical references (p. 206-236) and index. | ||
| 520 | _aA compilation of film articles by Johven Velasco and his contribution as a film director, educator and writer in the film industry in the Philippines . | ||
| 521 | _aMA | ||
| 650 |
_a Velasco, Johven _vCriticism and interpretation |
||
| 650 |
_a Film criticism _vPhilippines |
||
| 650 |
_aMotion picture actors and actresses _xPhilippines. |
||
| 650 |
_a Motion pictures _vEvaluation. _xPhilippines |
||
| 700 | 1 | _aDavid, Joel. | |
| 906 |
_a7 _bibc _corigode _d3 _encip _f20 _gy-gencatlg |
||
| 942 |
_2ddc _cBK _kLOC |
||
| 999 |
_c15653 _d15653 |
||